| 000 | 00634nam a22002177a 4500 | ||
|---|---|---|---|
| 003 | OSt | ||
| 005 | 20140310182444.0 | ||
| 008 | 130805t xxu||||| |||| 00| 0 eng d | ||
| 020 | _a9781451117073 | ||
| 050 |
_aRM 301.14 _b.F56 2009 |
||
| 245 |
_aLippincott"s Illustrated Reviews : _bPharmacology / |
||
| 250 | _a4th ed. | ||
| 260 |
_aPhiladelphia : _bLippincott's Williams & Wilkins, _cc2009. |
||
| 300 |
_axi. 564 p. : _bill. ; _c26 cm. |
||
| 650 |
_aPharmacology _xExamination Questions. _97620 |
||
| 650 |
_aPharcology _xOutline. _97621 |
||
| 942 |
_2lcc _cSSLC |
||
| 999 |
_c13576 _d13576 |
||